000 00475nam a2200181Ia 4500
008 240925s9999 xx 000 0 und d
020 _aNA
082 _a621.3121 SID
100 _aSiddiqui ,Junaid Ahmed
245 0 _aEnergy Conversion Devices and Principles
250 _aNA
260 _aKarachi:
_bAl-Jannat Press
_c,1995.
300 _aix,149p.
_bNA
_fOriginal
500 _aIncludes Index
600 _aElectrical Engineering
650 _aTechnology
942 _cBK
999 _c3485
_d3485